Jack Massey Welsh's YT Channels - Statistics

General Stats
  • This quiz has been taken 7 times
  • The average score is 17 of 20
Answer Stats
Created/Acquired Subscribers Answer % Correct
23 May 2018June/July 2023 149k Fufik
100%
27 March 2020 1.58M JackSucksAtGeography
100%
10 March 2013 4.43M JackSucksAtLife
100%
27 February 2019 1.75M JackSucksAtStuff
100%
24 March 2017 June/July 2023 199k pretty woman kitchen
100%
26 July 2011 24.6k SamSmellsOfApricot
100%
29 August 2020 1.27M Don't Subscribe
83%
17 August 2011 116k ejsafc
83%
20 September 2022 202k Geography Stuff 🌎
83%
21 May 2011 68.1k JackMasseyWelsh
83%
14 January 2019 697k Jack Massey Welsh
83%
21 August 2020 429k JacksEpicYoutubeChannelFullOfFunTimesAndFunHiRickX
83%
16 January 2021 395k JackSucksAtClips
83%
22 January 2022 1.55M JackSucksAtEspañol
83%
19 June 2020 242k JackSucksAtPopUpPirate
83%
27 September 2008 203k SamSmellsOfApricots
83%
12 April 2020 369k turd boi420
83%
29 January 2022 248k No Context JackSucksAtLife
67%
10 July 2021 487k JACKS​EPIC​YOUTUBE​CHANNEL​FULL​OF​FUN​TIMES​AND​FUN​HI​RICK​X​HAS​NOTHING​ON​ME​I​AM​THE​SUPERIOR​CHANNEL​I​HAVE​MORE​CHARACTERS​THAN​ALL​OF​JACKS​YOUTUBE​CHANNELS​COMBINED​HAHAHAHA​I​HAVE​MORE​CHARACTERS​THAN​JACKSUCKSATLIFE​JACKSUCKSATSTUFF​JACKMASSEYWELSH​JACKSUCKSATGEOGRAPHY​JACKSUCKSATCLIPS​SAMSMELLSOFAPRICOTS​JACKSUCKSATPOPUPPIRATE​ETC​ETC​IMAGINE​THIS​ON​A​PLAY​BUTTON​JESUS​CHRIST​BTW​PLEASE​SUBSCRIBE​THANK​YOU​VERY​MUCHH​I​RICK​XxXxXX
33%
5 February 2013 6.2k TDD41
33%
No matching quizzes found
Score Distribution
Percent of People with Each Score
Percentile by Number Answered
Your Score History
You have not taken this quiz